| 000 | 01277nam a2200421 a 4500 | ||
|---|---|---|---|
| 003 | AR-BaBNM | ||
| 005 | 20251128204122.0 | ||
| 008 | 082120s2002 ||||||||||||||000 | spa|| | ||
| 020 | _a950-25-1551-X | ||
| 040 | _cAR-BaBNM | ||
| 100 | 1 | _aPerosa, Hugo R. | |
| 245 | 0 | 0 |
_aLas relaciones argentino soviéticas contemporáneas _n1 |
| 260 |
_aBuenos Aires _bCentro Editor de América Latina _c1989 |
||
| 300 | _a121 p. | ||
| 490 | 0 |
_aBiblioteca política Argentina _vv. 282 |
|
| 500 | _aURSS:UNION REPUBLICANA SOCIALISTA SOVIETICA | ||
| 500 | _aEURAL:CENTRO DE INVESTIGACIONES EUROPEO-LATINOAMERICANAS | ||
| 600 | 1 | 4 | _aVidela, Jorge Rafael |
| 600 | 1 | 4 | _aGelbard, José Ber |
| 600 | 1 | 4 | _aCampora, José |
| 600 | 1 | 4 | _aLastiri, Raúl |
| 600 | 1 | 4 | _aPerón, Juan Domingo |
| 600 | 1 | 4 | _aMartínez de Perón, Juan Domingo |
| 600 | 1 | 4 |
_aAlfonsín, Raúl Ricardo _d1983-1989 |
| 650 | 4 | _aRELACIONES INTERNACIONALES | |
| 650 | 4 | _aPOLITICA EXTERIOR | |
| 650 | 4 | _aSOCIALISMO | |
| 650 | 4 | _aCAPITALISMO | |
| 650 | 4 | _aCONDICIONES ECONOMICAS | |
| 650 | 4 | _aCAMBIO SOCIAL | |
| 650 | 4 | _aRELACIONES BILATERALES | |
| 650 | 4 | _aRELACIONES ECONOMICAS | |
| 651 | 4 | _aURSS | |
| 651 | 4 | _aArgentina | |
| 800 | 1 |
_aTroncoso, Oscar _edirector |
|
| 942 | _cBK | ||
| 998 | _cCarmen | ||
| 999 |
_c6249 _d6249 |
||